Elementary Analytical Dynamics of a Particle of Rigid Bodies (Record no. 227747)
[ view plain ]
| 000 -LEADER | |
|---|---|
| fixed length control field | 00530nam a22001817a 4500 |
| 005 - DATE AND TIME OF LATEST TRANSACTION | |
| control field | 20230704141952.0 |
| 008 - FIXED-LENGTH DATA ELEMENTS--GENERAL INFORMATION | |
| fixed length control field | 230704b ||||| |||| 00| 0 eng d |
| 040 ## - CATALOGING SOURCE | |
| Transcribing agency | AL |
| 041 ## - LANGUAGE CODE | |
| Language code of text/sound track or separate title | English |
| 082 ## - DEWEY DECIMAL CLASSIFICATION NUMBER | |
| Edition number | 23 |
| Classification number | 516/10 |
| Item number | GUPE |
| 100 ## - MAIN ENTRY--PERSONAL NAME | |
| Personal name | S R Gupta |
| 100 ## - MAIN ENTRY--PERSONAL NAME | |
| 9 (RLIN) | 125448 |
| 245 ## - TITLE STATEMENT | |
| Title | Elementary Analytical Dynamics of a Particle of Rigid Bodies |
| 260 ## - PUBLICATION, DISTRIBUTION, ETC. | |
| Place of publication, distribution, etc. | Delhi |
| Name of publisher, distributor, etc. | S Chand and Co |
| Date of publication, distribution, etc. | 1969 |
| 650 ## - SUBJECT ADDED ENTRY--TOPICAL TERM | |
| Topical term or geographic name entry element | Analytical Dynamics Particle Rigid Bodies |
| 9 (RLIN) | 125449 |
| 650 ## - SUBJECT ADDED ENTRY--TOPICAL TERM | |
| Topical term or geographic name entry element | Mechanics |
| 9 (RLIN) | 125450 |
| 700 ## - ADDED ENTRY--PERSONAL NAME | |
| Personal name | GUPTA (S R) |
| 9 (RLIN) | 125451 |
| 942 ## - ADDED ENTRY ELEMENTS (KOHA) | |
| Source of classification or shelving scheme | Dewey Decimal Classification |
| Koha item type | Book Bank |
| Withdrawn status | Lost status | Source of classification or shelving scheme | Damaged status | Not for loan | Collection code | Home library | Current library | Shelving location | Date acquired | Total Checkouts | Full call number | Barcode | Date last seen | Price effective from | Koha item type |
|---|---|---|---|---|---|---|---|---|---|---|---|---|---|---|---|
| Dewey Decimal Classification | Physics | St Aloysius Library | St Aloysius Library | UGC Book Bank | 07/04/2023 | 516/10 GUPE | BB00602 | 07/04/2023 | 07/04/2023 | Book Bank | |||||
| Dewey Decimal Classification | Physics | St Aloysius Library | St Aloysius Library | UGC Book Bank | 07/04/2023 | 516/11 GUPE | BB00603 | 07/04/2023 | 07/04/2023 | Book Bank | |||||
| Dewey Decimal Classification | Physics | St Aloysius Library | St Aloysius Library | UGC Book Bank | 07/04/2023 | 516/12 GUPE | BB00604 | 07/04/2023 | 07/04/2023 | Book Bank | |||||
| Dewey Decimal Classification | Physics | St Aloysius Library | St Aloysius Library | UGC Book Bank | 07/04/2023 | 516/14 GUPE | BB00606 | 07/04/2023 | 07/04/2023 | Book Bank | |||||
| Dewey Decimal Classification | Physics | St Aloysius Library | St Aloysius Library | UGC Book Bank | 07/04/2023 | 516/15 GUPE | BB00607 | 07/04/2023 | 07/04/2023 | Book Bank | |||||
| Dewey Decimal Classification | Physics | St Aloysius Library | St Aloysius Library | UGC Book Bank | 07/04/2023 | 516/16 GUPE | BB00608 | 07/04/2023 | 07/04/2023 | Book Bank | |||||
| Dewey Decimal Classification | Physics | St Aloysius Library | St Aloysius Library | UGC Book Bank | 07/04/2023 | 516/17 GUPE | BB00609 | 07/04/2023 | 07/04/2023 | Book Bank | |||||
| Dewey Decimal Classification | Physics | St Aloysius Library | St Aloysius Library | UGC Book Bank | 07/04/2023 | 516/18 GUPE | BB00610 | 07/04/2023 | 07/04/2023 | Book Bank | |||||
| Dewey Decimal Classification | Physics | St Aloysius Library | St Aloysius Library | UGC Book Bank | 07/04/2023 | 516/19 GUPE | BB00611 | 07/04/2023 | 07/04/2023 | Book Bank | |||||
| Dewey Decimal Classification | Physics | St Aloysius Library | St Aloysius Library | UGC Book Bank | 07/04/2023 | 516/20 GUPE | BB00612 | 07/04/2023 | 07/04/2023 | Book Bank | |||||
| Dewey Decimal Classification | Physics | St Aloysius Library | St Aloysius Library | UGC Book Bank | 07/04/2023 | 516/21 GUPE | BB00613 | 07/04/2023 | 07/04/2023 | Book Bank |